| 000 -LEADER |
| fixed length control field |
01720 a2200277 4500 |
| 003 - CONTROL NUMBER IDENTIFIER |
| control field |
Nust |
| 005 - DATE AND TIME OF LATEST TRANSACTION |
| control field |
20221117161606.0 |
| 010 ## - LIBRARY OF CONGRESS CONTROL NUMBER |
| LC control number |
2005296336 |
| 020 ## - INTERNATIONAL STANDARD BOOK NUMBER |
| International Standard Book Number |
0750666196 (pbk.) |
| 035 ## - SYSTEM CONTROL NUMBER |
| System control number |
(OCoLC)ocm62224047 |
| 040 ## - CATALOGING SOURCE |
| Transcribing agency |
Nust |
| 082 04 - DEWEY DECIMAL CLASSIFICATION NUMBER |
| Classification number |
621.31924,SCA |
| 100 1# - MAIN ENTRY--PERSONAL NAME |
| Personal name |
Scaddan, Brian. |
| 9 (RLIN) |
102951 |
| 245 10 - TITLE STATEMENT |
| Title |
Electrical installation work / |
| Statement of responsibility, etc. |
Brian Scaddan. |
| 250 ## - EDITION STATEMENT |
| Edition statement |
5th ed. |
| 260 ## - PUBLICATION, DISTRIBUTION, ETC. |
| Place of publication, distribution, etc. |
Amsterdam ; |
| -- |
Boston : |
| Name of publisher, distributor, etc. |
Elsevier/Newnes, |
| Date of publication, distribution, etc. |
2005. |
| 300 ## - PHYSICAL DESCRIPTION |
| Extent |
x, 418 p. : |
| Other physical details |
ill. ; |
| Dimensions |
25 cm. |
| 505 ## - FORMATTED CONTENTS NOTE |
| Formatted contents note |
Basic information and calculations(Page-1), Electricity (Page-17), Resistance, current and voltage, power and energy (Page-33), Electromagnetism (Page-59), Capacitors and capacitance (Page-95), Resistance, inductance and capacitance in installation work (Page-105),Three-phase circuits (Page-121), Motors (Page-129), Cells and batteries (Page-167), Lighting and illumination (Page-179), Electricity, the environment and the community (Page-201), Health and safety (Page-211), The electrical contracting industry (Page-239), Installation materials and tools (Page-253), Installation circuits and systems (Page-285), Earthing (Page-329), Protection and control (Page-349), Circuits and design (Page-373), Testing (Page-393), Basic electronics technology (Page-431). |
| 650 #0 - SUBJECT ADDED ENTRY--TOPICAL TERM |
| Topical term or geographic name entry element |
Electric apparatus and appliances |
| General subdivision |
Installation. |
| 9 (RLIN) |
102952 |
| 650 #0 - SUBJECT ADDED ENTRY--TOPICAL TERM |
| Topical term or geographic name entry element |
Electric power systems. |
| 9 (RLIN) |
18375 |
| 650 #0 - SUBJECT ADDED ENTRY--TOPICAL TERM |
| Topical term or geographic name entry element |
Electrical engineering |
| 650 #0 - SUBJECT ADDED ENTRY--TOPICAL TERM |
| Topical term or geographic name entry element |
Electrical engineering. |
| 9 (RLIN) |
102953 |
| 856 42 - ELECTRONIC LOCATION AND ACCESS |
| Materials specified |
Publisher description |
| Uniform Resource Identifier |
<a href="http://www.loc.gov/catdir/enhancements/fy0627/2005296336-d.html">http://www.loc.gov/catdir/enhancements/fy0627/2005296336-d.html</a> |
| 856 42 - ELECTRONIC LOCATION AND ACCESS |
| Materials specified |
Table of contents only |
| Uniform Resource Identifier |
<a href="http://www.loc.gov/catdir/enhancements/fy0627/2005296336-t.html">http://www.loc.gov/catdir/enhancements/fy0627/2005296336-t.html</a> |
| 942 ## - ADDED ENTRY ELEMENTS (KOHA) |
| Source of classification or shelving scheme |
|
| Koha item type |
Book |